Statistiques concernant Champions de la Coupe Stanley

Cliquez ici pour prendre le quiz!

Statistiques générales

  • Ce quiz a été pris 7 fois
  • Le résultat moyen est 56 sur 102

Statistiques - réponses

Année Équipe % Correct
1963Toronto Maple Leafs
75%
1962Toronto Maple Leafs
75%
1961Chicago Black Hawks
75%
1964Toronto Maple Leafs
75%
1965Canadiens de Montréal
75%
1968Canadiens de Montréal
75%
1967Toronto Maple Leafs
75%
1960Canadiens de Montréal
75%
1959Canadiens de Montréal
75%
1953Canadiens de Montréal
75%
1952Detroit Red Wings
75%
1951Toronto Maple Leafs
75%
1955Detroit Red Wings
75%
1956Canadiens de Montréal
75%
1958Canadiens de Montréal
75%
1957Canadiens de Montréal
75%
1969Canadiens de Montréal
75%
1970Boston Bruins
75%
2014Los Angeles Kings
75%
2013Chicago Blackhawks
75%
1993Canadiens de Montréal
75%
2015Chicago Blackhawks
75%
2016Pittsburgh Penguins
75%
2018Washington Capitals
75%
2017Pittsburgh Penguins
75%
1980New York Islanders
75%
1979Canadiens de Montréal
75%
1972Boston Bruins
75%
1971Canadiens de Montréal
75%
1973Canadiens de Montréal
75%
1976Canadiens de Montréal
75%
1978Canadiens de Montréal
75%
1977Canadiens de Montréal
75%
1950Detroit Red Wings
75%
1966Canadiens de Montréal
75%
1988Edmonton Oilers
50%
1987Edmonton Oilers
50%
1989Calgary Flames
50%
1923Ottawa Senators
50%
1994New York Rangers
50%
1986Canadiens de Montréal
50%
1985Edmonton Oilers
50%
1981New York Islanders
50%
1924Canadiens de Montréal
50%
1982New York Islanders
50%
1983New York Islanders
50%
1949Toronto Maple Leafs
50%
1997Detroit Red Wings
50%
1998Detroit Red Wings
50%
1922Toronto St.Pats
50%
2011Boston Bruins
50%
1921Ottawa Senators
50%
1920Ottawa Senators
50%
1916Canadiens de Montréal
50%
2010Chicago Blackhawks
50%
2009Pittsburgh Penguins
50%
2002Detroit Red Wings
50%
1999Dallas Stars
50%
2004Tampa Bay Lightning
50%
2006Carolina Hurricanes
50%
2008Detroit Red Wings
50%
1926Montreal Maroons
50%
1984Edmonton Oilers
50%
1941Boston Bruins
50%
1942Toronto Maple Leafs
50%
1940New York Rangers
50%
1939Boston Bruins
50%
1938Chicago Black Hawks
50%
1943Detroit Red Wings
50%
1944Canadiens de Montréal
50%
1947Toronto Maple Leafs
50%
1948Toronto Maple Leafs
50%
1954Detroit Red Wings
50%
1946Canadiens de Montréal
50%
1945Toronto Maple Leafs
50%
1936Detroit Red Wings
50%
1937Detroit Red Wings
50%
1930Canadiens de Montréal
50%
1931Canadiens de Montréal
50%
1932Toronto Maple Leafs
50%
1929Boston Bruins
50%
1974Philadelphia Flyers
50%
1927Ottawa Senators
50%
1928New York Rangers
50%
1934Chicago Black Hawks
50%
1933New York Rangers
50%
1975Philadelphia Flyers
25%
1996Colorado Avalanche
25%
2012Los Angeles Kings
25%
1995New Jersey Devils
25%
1918Toronto Arenas
25%
1915Vancouver Millionaires
25%
1917Seattle Metropolitans
25%
1992Pittsburgh Penguins
25%
1925Victoria Cougars
25%
2001Colorado Avalanche
25%
2003New Jersey Devils
25%
1935Montreal Maroons
25%
2007Anaheim Ducks
25%
1991Pittsburgh Penguins
25%
2000New Jersey Devils
25%
1990Edmonton Oilers
25%

Distribution des résultats

Percentile by Number Answered

% des personnes avec chaque résultat

Votre développement - résultats

Vous n’avez pas pris ce quiz